Months in Czech - Statistics

General Stats
  • This quiz has been taken 319 times
  • The average score is 11 of 12
Answer Stats
Hint Answer % Correct
Cz 1 Leden
94%
Cz 2 Únor
93%
Cz 5 Květen
92%
Cz 6 Červen
91%
Cz 11 Listopad
91%
Cz 4 Duben
90%
Cz 3 Brežen
89%
Cz 7 Červenec
89%
Cz 12 Prosinec
88%
Cz 8 Srpen
87%
Cz 10 Říjen
86%
Cz 9 Září
85%
No matching quizzes found
Score Distribution
Percent of People with Each Score
Percentile by Number Answered
Your Score History
You have not taken this quiz